Sermon outlines on Old Testament characters. (Record no. 3475)

000 -LEADER
fixed length control field 00626nam a2200193 a 4500
001 - CONTROL NUMBER
control field :::00001206$&:&@@
003 - CONTROL NUMBER IDENTIFIER
control field OkBaRHE
005 - DATE AND TIME OF LATEST TRANSACTION
control field 20000607103242.0
008 - FIXED-LENGTH DATA ELEMENTS--GENERAL INFORMATION
fixed length control field s1964 j 000 0 eng u
040 ## - CATALOGING SOURCE
Transcribing agency
100 1# - MAIN ENTRY--PERSONAL NAME
Personal name Andrews, R. L.
245 10 - TITLE STATEMENT
Title Sermon outlines on Old Testament characters.
260 ## - PUBLICATION, DISTRIBUTION, ETC. (IMPRINT)
Place of publication, distribution, etc Athens, AL., :
Name of publisher, distributor, etc The C. E. I. Publishing Company
Date of publication, distribution, etc c1964
300 ## - PHYSICAL DESCRIPTION
Extent 74 p. ;
Dimensions 21 cm.
650 ## - SUBJECT ADDED ENTRY--TOPICAL TERM
Topical term or geographic name as entry element Bible Old Testament
General subdivision Biography
-- Sermons
-- Outlines
650 ## - SUBJECT ADDED ENTRY--TOPICAL TERM
Topical term or geographic name as entry element Sermons
General subdivision Outlines
942 ## - ADDED ENTRY ELEMENTS (KOHA)
Source of classification or shelving scheme
Koha item type Books
Copies
Date acquired Permanent Location Koha item type Damaged status Shelving location Full call number Barcode Price effective from Date last seen Copy number Not for loan Source of classification or shelving scheme Lost status Withdrawn status
2010-04-14RHEMA Bible Training CollegeBooks General StacksBS 571 .A56612062010-04-142010-04-141